| 000 | 01019nam a2200301 a 4500 | ||
|---|---|---|---|
| 001 | 000020044 | ||
| 003 | DO-SdBNP | ||
| 005 | 20171010115839.0 | ||
| 007 | 000020044 | ||
| 008 | 090717s2012 dr a 000 0 spa d | ||
| 020 | _a9993483494 | ||
| 040 |
_aBPMSU _bspa _cBPMSU |
||
| 082 | 4 |
_a923.17293 _bH594C, 2006 |
|
| 100 | 1 |
_aCassá, Roberto, _d1942- |
|
| 245 | 1 | 0 |
_aUlises Heureaux : _bel tirano perfecto / _cRoberto Cassá ; ilustración Ramiro Manzano. |
| 260 |
_aSanto Domingo : _bTobogán, _c2006 _c(reimpresión 2012) |
||
| 300 |
_a69 p. : _bil. ; _c21 cm. |
||
| 490 | 0 | _aBiografías dominicanas Tobogán. | |
| 504 | _aBibliografía : p.69. | ||
| 600 | 1 | 4 |
_aHEUREAUX, ULISES, _d1845-1899 |
| 650 | 4 |
_aREPÚBLICA DOMINICANA _xBIOGRAFÍAS |
|
| 651 | 4 |
_aREPÚBLICA DOMINICANA _xHISTORIA _ySEGUNDA REPÚBLICA, 1865-1916 |
|
| 700 | 1 |
_aManzano, Ramiro, _eil. |
|
| 830 | 0 | _aBiografías dominicanas Tobogán. | |
| 942 |
_2ddc _cBK |
||
| 945 | _aInventariado / 2017 VM | ||
| 956 |
_aVMATEO _b10 _c20150511 _lBPMSU _h00151 |
||
| 999 |
_c7853 _d7853 |
||